Central Library OPAC University of Rajshahi

Introduction to stellar statistics / (Record no. 8301)

MARC details
000 -LEADER
fixed length control field 00805cam a22002651 4500
001 - CONTROL NUMBER
control field 8301
003 - CONTROL NUMBER IDENTIFIER
rucl marc code BD-RjUL
005 - DATE AND TIME OF LATEST TRANSACTION
control field 20211208234548.0
008 - FIXED-LENGTH DATA ELEMENTS--GENERAL INFORMATION
fixed length control field 140118s1967 enka b 001 0 eng
035 ## - SYSTEM CONTROL NUMBER
System control number (BD-RjUL)8346
040 ## - CATALOGING SOURCE
Original cataloging agency DLC
Transcribing agency DLC
Modifying agency DLC
-- BD-RjUL
Language of cataloging eng
041 ## - LANGUAGE CODE
Language code of text/sound track or separate title eng
082 00 - DEWEY DECIMAL CLASSIFICATION NUMBER
Classification number 523.80182
Author mark and year KUI 1967
100 1# - MAIN ENTRY--PERSONAL NAME
Personal name Kurth, Rudolf,
Dates associated with a name 1917-
9 (RLIN) 25883
245 10 - TITLE STATEMENT
Title Introduction to stellar statistics /
Statement of responsibility, etc. Rudolf Kurth
250 ## - EDITION STATEMENT
Edition statement [1st ed.]
260 ## - PUBLICATION, DISTRIBUTION, ETC. (IMPRINT)
Place of publication, distribution, etc. Oxford ;
-- New York :
Name of publisher, distributor, etc. Pergamon Press ,
Date of publication, distribution, etc. c1967
300 ## - PHYSICAL DESCRIPTION
Pagination viii, 175 p. :
Illustrations illus. ;
Size 23 cm.
490 0# - SERIES STATEMENT
Series statement International series of monographs in natural philosophy,
Volume/sequential designation v. 10
504 ## - BIBLIOGRAPHY, ETC. NOTE
Bibliography, etc Bibliography: p. 164-171. and index.
650 #0 - SUBJECT ADDED ENTRY--TOPICAL TERM
Topical term or geographic name as entry element Astrophysics.
9 (RLIN) 4934
942 ## - ADDED ENTRY ELEMENTS (KOHA)
Source of classification or shelving scheme Dewey Decimal Classification
Koha item type Books
Holdings
Lost status Source of classification or shelving scheme Damaged status Not for loan Collection code Permanent Location Current Location Shelving location Date acquired Source of acquisition Cost, normal purchase price Total Checkouts Full call number Date last seen Copy number Koha item type
  Dewey Decimal Classification   Not For Loan Non-fiction Central Library, University of Rajshahi Central Library, University of Rajshahi   07/09/1973 Shirin pub. 72.50   523.80182 KUI 1967 18/01/2014 C-1 Books